El niño de 13 y 14 años /

Guardado en:
Autor Principal: Gesell, Arnold
Formato: Libro
Publicado: Buenos Aires : Paidos, 1967
Edición:3a. ed.
Materias:
Etiquetas: Agregar Etiqueta
Sin Etiquetas, Sea el primero en etiquetar este registro!
LEADER 00833nam a22001935a 4500
001 CEM.cems002865
005 20060222000000.0
008 130507s1967##################000#0#####d
003 CEMS
082 0 4 |a 136.73 
100 1 |a Gesell, Arnold 
245 1 0 |a El niño de 13 y 14 años /  |c Arnold Gesell 
250 |a 3a. ed. 
260 |a Buenos Aires :  |b Paidos,  |c 1967 
300 |a 130 p. 
505 0 |a Adolescencia, periodo de transicion; Cambios puberales; Significacion psicologica de los cambios organicos; Emociones; Conducta y adaptacion social; Intereses; Creencias y actitud religiosa; Conductas y conceptos morales; Intereses sexuales; Relaciones familiares y sentimentales; Personalidad. 
653 |a Adolescentes-13 a 14 años 
653 |a Psicologia de la adolescencia 
859 |a CEMS  |b BIB. CEMS - 11 de abril  |h 136.73  |i G33-2  |p 422.73  |t Ej.1